| 000 | 00600nam a2200193Ia 4500 | ||
|---|---|---|---|
| 008 | 240925s9999 xx 000 0 und d | ||
| 020 | _a9781292373966 | ||
| 082 | _a428.2 MCM | ||
| 100 | _a McMillan, Kathleen | ||
| 245 | 4 | _aThe study skills book | |
| 250 | _a4th | ||
| 260 |
_aLondon : _bPearson education _c,2021. |
||
| 300 |
_a456p. _bNA _fOriginal |
||
| 500 | _aIncludes Index | ||
| 600 | _aHumanities & Natural Science | ||
| 650 | _aEnglish and Old English | ||
| 856 |
_uhttps://drive.google.com/file/d/1ZkSA7AJBrOLDRF5zZ0_Db5uB4ZcRaA-a/view?usp=sharing _yClick here for PDF |
||
| 942 | _cBK | ||
| 999 |
_c18296 _d18296 |
||